书目信息 |
| 题名: |
瓜类蔬菜栽培与病虫害防治彩色图谱
|
|
| 作者: | 杨艳玲 , 张平 , 高俊英 , 刘卫民 主编 | |
| 分册: | ||
| 出版信息: | 天津 天津科学技术出版社 2022.06 |
|
| 页数: | 120页 | |
| 开本: | 21cm | |
| 丛书名: | 乡村振兴 农民培训精品系列教材 | |
| 单 册: | ||
| 中图分类: | S642-64 , S436.42-64 | |
| 科图分类: | ||
| 主题词: | 瓜类蔬菜--gua lei shu cai--栽培技术--图谱 , 瓜类蔬菜--gua lei shu cai--病虫害防治--图谱 | |
| 电子资源: | ||
| ISBN: | 978-7-5742-0038-8 | |
| 000 | 01395nam 2200337 450 | |
| 001 | CAL 012022017628 | |
| 005 | 20230217093111.0 | |
| 010 | @a978-7-5742-0038-8@dCNY39.80 | |
| 100 | @a20220916d2022 em y0chiy0120 ea | |
| 101 | 0 | @achi |
| 102 | @aCN@b120000 | |
| 105 | @aa a 000yy | |
| 106 | @ar | |
| 200 | 1 | @a瓜类蔬菜栽培与病虫害防治彩色图谱@Agua lei shu cai zai pei yu bing chong hai fang zhi cai se tu pu@f主编杨艳玲 ... [等] |
| 210 | @a天津@c天津科学技术出版社@d2022.06 | |
| 215 | @a120页@c图@d21cm | |
| 225 | 2 | @a乡村振兴 农民培训精品系列教材@Axiang cun zhen xing nong min pei xun jing pin xi lie jiao cai |
| 304 | @a题名页题其余责任者: 张平, 高俊英, 刘卫民 | |
| 320 | @a有书目 (第120页) | |
| 330 | @a本书共分为四章, 内容包括: 瓜类蔬菜栽培技术、瓜类传染性病害、瓜类生理性病害、瓜类蔬菜主要害虫及其防治。具体内容包括: 丝瓜栽培技术 ; 西葫芦栽培技术 ; 黄瓜栽培技术 ; 苦瓜栽培技术 ; 南瓜栽培技术 ; 冬瓜栽培技术等。 | |
| 410 | 0 | @12001 @a乡村振兴 农民培训精品系列教材 |
| 606 | 0 | @a瓜类蔬菜@Agua lei shu cai@x栽培技术@j图谱 |
| 606 | 0 | @a瓜类蔬菜@Agua lei shu cai@x病虫害防治@j图谱 |
| 690 | @aS642-64@v5 | |
| 690 | @aS436.42-64@v5 | |
| 701 | 0 | @a杨艳玲@Ayang yan ling@4主编 |
| 701 | 0 | @a张平@Azhang ping@4主编 |
| 701 | 0 | @a高俊英@Agao jun ying@4主编 |
| 701 | 0 | @a刘卫民@Aliu wei min@4主编 |
| 801 | 0 | @aCN@bBJXHZP@c20230228 |
| 905 | @b1398684-7@dS642-64@e703@f4 | |
| 瓜类蔬菜栽培与病虫害防治彩色图谱/主编杨艳玲 ... [等].-天津:天津科学技术出版社,2022.06 |
| 120页:图;21cm.-(乡村振兴 农民培训精品系列教材) |
| ISBN 978-7-5742-0038-8:CNY39.80 |
| 本书共分为四章, 内容包括: 瓜类蔬菜栽培技术、瓜类传染性病害、瓜类生理性病害、瓜类蔬菜主要害虫及其防治。具体内容包括: 丝瓜栽培技术 ; 西葫芦栽培技术 ; 黄瓜栽培技术 ; 苦瓜栽培技术 ; 南瓜栽培技术 ; 冬瓜栽培技术等。 |
| ● |
| 相关链接 |
|
|
|
|
正题名:瓜类蔬菜栽培与病虫害防治彩色图谱
索取号:S642-64/703
 
预约/预借
| 序号 | 登录号 | 条形码 | 馆藏地/架位号 | 状态 | 备注 |
| 1 | 1398684 | 213986846 | 第二样本阅览室/ [索取号:S642-64/703] | 在馆 | |
| 2 | 1398685 | 213986855 | 第三借阅区/ [索取号:S642-64/703] | 在馆 | |
| 3 | 1398686 | 213986864 | 第三借阅区/ [索取号:S642-64/703] | 在馆 | |
| 4 | 1398687 | 213986873 | 第三借阅区/ [索取号:S642-64/703] | 在馆 |